Vplyv hranice chudoby na výdavky slovenských domácností na potraviny

Chudoba na Slovensku nie je len o nedostatku peňazí. Ide o komplexný problém, ktorý má široké dosahy na fyzické a psychické zdravie ľudí. Súvisí s ich dištanciou od spoločenského života, a predovšetkým má dopad na ich deti. Domácnosti často čelia problémom s financovaním základných potrieb, ako sú p...

Descripción completa

Guardado en:
Detalles Bibliográficos
Autor principal: Vojtková, Mária, 1966-
Otros Autores: Košíková, Martina, 1997-
Formato: Capítulo de libro
Lenguaje:eslovaco
Materias:
Etiquetas: Agregar Etiqueta
Sin Etiquetas, Sea el primero en etiquetar este registro!

MARC

LEADER 00000naa$a2200000$$$4500
001 0313296
005 20251124095603.8
041 0 |a slo 
044 |a SK 
245 1 0 |a Vplyv hranice chudoby na výdavky slovenských domácností na potraviny  |c Mária Vojtková, Martina Košíková 
520 |a Chudoba na Slovensku nie je len o nedostatku peňazí. Ide o komplexný problém, ktorý má široké dosahy na fyzické a psychické zdravie ľudí. Súvisí s ich dištanciou od spoločenského života, a predovšetkým má dopad na ich deti. Domácnosti často čelia problémom s financovaním základných potrieb, ako sú potraviny, oblečenie, bývanie a ďalšie výdavky. Ľudia v chudobe alebo v jej ohrození musia robiť každý deň ťažké rozhodnutia, čo sa týka priorizovania výdavkov. 
610 2 0 |a chudoba 
610 2 0 |a vylúčenie sociálne 
610 2 0 |a Slovensko 
610 2 0 |a kraje 
610 2 0 |a príjmy 
100 1 |a Vojtková, Mária, 1966- 
700 1 |a Košíková, Martina, 1997-